Normal view
MARC view
- Scienth Bigoraphy
Entry Topical Term
001 - CONTROL NUMBER
- control field: 108511
003 - CONTROL NUMBER IDENTIFIER
- control field: NUST
005 - DATE AND TIME OF LATEST TRANSACTION
- control field: 20230202132726.0
008 - FIXED-LENGTH DATA ELEMENTS
- fixed length control field: 230202|| aca||aabn | a|a d
040 ## - CATALOGING SOURCE
- Original cataloging agency: NUST
- Transcribing agency: NUST
150 ## - HEADING--TOPICAL TERM
- Topical term or geographic name entry element: Scienth Bigoraphy
670 ## - SOURCE DATA FOUND
- Source citation: Work cat.: (NUST)187397: Malik, Zahid 104574, Dr. A.Q.Khan and the Islamic bomb / , 1992
